Коренные малочисленные народы Севера: социально-экономические аспекты государственной политики (Запись № 3003773)

Подробности
000 -МАРКЕР
контрольное поле 02214nam0a2200421 i 4500
001 - ИДЕНТИФИКАТОР ЗАПИСИ
контрольное поле RU\NLR\bibl\1907975
005 - ИДЕНТИФИКАТОР ВЕРСИИ
контрольное поле 20260405134044.0
010 ## - МЕЖДУНАРОДНЫЙ СТАНДАРТНЫЙ НОМЕР КНИГИ (ISBN)
Номер (ISBN) 9785911371913
Тираж 120
021 ## - НОМЕР ГОСУДАРСТВЕННОЙ РЕГИСТРАЦИИ
Код страны российская федерация
Номер 2012-34343
Номер Листа государственной регистраци 2553
035 ## - ДРУГИЕ СИСТЕМНЫЕ НОМЕРА
Идентификатор записи (nilc)LIBNET\0000224202
035 ## - ДРУГИЕ СИСТЕМНЫЕ НОМЕРА
Идентификатор записи (NLR Aleph) 001897535
100 ## - ДАННЫЕ ОБЩЕЙ ОБРАБОТКИ
Данные общей обработки 20120403d2012 k y0rusy50 ca
101 0# - ЯЗЫК РЕСУРСА
Язык текста, звукозаписи и т.д. русский
Язык резюме английский
Язык оглавления английский
102 ## - СТРАНА ПУБЛИКАЦИИ ИЛИ ПРОИЗВОДСТВА
Страна публикации российская федерация
105 ## - ПОЛЕ КОДИРОВАННЫХ ДАННЫХ: ТЕКСТОВЫЕ МАТЕРИАЛЫ, МОНОГРАФИЧЕСКИЕ
Кодированные данные о монографическом текстовом документе a |||||||||
200 1# - ЗАГЛАВИЕ И СВЕДЕНИЯ ОБ ОТВЕТСТВЕННОСТИ
Основное заглавие Коренные малочисленные народы Севера: социально-экономические аспекты государственной политики
Первые сведения об ответственности С.Н. Виноградова
Последующие сведения об ответственности Рос. акад. наук, Кол. науч. центр, Центр гуманит. проблем Баренц региона
210 ## - ПУБЛИКАЦИЯ, РАСПРОСТРАНЕНИЕ И ДР.
Место издания, распространения и т.д. Апатиты
Имя издателя, распространителя и т. д. Изд-во Кольского научного центра РАН
Дата издания, распространения и т.д. 2012
215 ## - ФИЗИЧЕСКАЯ ХАРАКТЕРИСТИКА
Специфическое обозначение материала и объем 139 с.
Другие сведения о физической характеристике ил., карты, портр., табл.
Размеры 26
300 ## - ОБЩИЕ ПРИМЕЧАНИЯ
Текст примечания Авт. также на англ. яз.: S. N. Vinogradova
300 ## - ОБЩИЕ ПРИМЕЧАНИЯ
Текст примечания Рез. на англ. яз.
320 ## - ПРИМЕЧАНИЯ О НАЛИЧИИ В ДОКУМЕНТЕ БИБЛИОГРАФИИ / УКАЗАТЕЛЯ
Текст примечания Библиогр.: с. 111-119 и в подстроч. примеч.
510 1# - ПАРАЛЛЕЛЬНОЕ ЗАГЛАВИЕ
Связь между полями z11790
Параллельное заглавие Indigenous peoples of the North: socio-economic aspects of the state policy
Язык заглавия английский
606 1# - НАИМЕНОВАНИЕ ТЕМЫ КАК ПРЕДМЕТ
Наименование темы Народы Севера
Тематический подзаголовок Социально-экономическое развитие
Системный номер авторитетной/нормативной записи 2094294
Идентификатор авторитетной/нормативной записи RU\NLR\auth\661267289
686 ## - ИНДЕКСЫ ДРУГИХ КЛАССИФИКАЦИЙ
Индекс 63.3(2Рос-4Мур)
Издание LBC/M
Код системы
686 ## - ИНДЕКСЫ ДРУГИХ КЛАССИФИКАЦИЙ
Индекс 65.9(2Рос-4Мур)
Издание LBC/M
Код системы
686 ## - ИНДЕКСЫ ДРУГИХ КЛАССИФИКАЦИЙ
Индекс У03(2Р1)74
686 ## - ИНДЕКСЫ ДРУГИХ КЛАССИФИКАЦИЙ
Индекс У03(2Р31)74
686 ## - ИНДЕКСЫ ДРУГИХ КЛАССИФИКАЦИЙ
Индекс Т3(2Р1)74-3
686 ## - ИНДЕКСЫ ДРУГИХ КЛАССИФИКАЦИЙ
Индекс Т3(2Р31)74-3
700 #1 - ИМЯ ЛИЦА - ПЕРВИЧНАЯ ОТВЕТСТВЕННОСТЬ
Код отношения Автор
Материалы, к которым относится поле rus
Графика поля Кириллица
Начальный элемент ввода Виноградова
Часть имени, кроме начального элемента ввода С. Н.
Дополнения к именам, кроме дат канд. экон. наук, трудовые ресурсы
Даты 1967-
Расширение инициалов личного имени Светлана Николаевна
Идентификатор авторитетной/нормативной записи RU\NLR\auth\7754624
Системный номер авторитетной/нормативной записи 37556
790 #1 - ИМЯ ЛИЦА - АЛЬТЕРНАТИВНАЯ ФОРМА
Код отношения Автор
Материалы, к которым относится поле rus
Графика поля Латинская
Начальный элемент ввода Vinogradova
Часть имени, кроме начального элемента ввода S. N.
Дополнения к именам, кроме дат канд. экон. наук, трудовые ресурсы
Даты 1967-
Расширение инициалов личного имени Svetlana Nikolaevna
Идентификатор авторитетной/нормативной записи RU\NLR\auth\7754627
Системный номер авторитетной/нормативной записи 37559
801 #0 - ИСТОЧНИК ЗАПИСИ
Страна российская федерация
Организация Мурманская ГОУНБ
Дата составления 20120403
Правила каталогизации rcr
801 #1 - ИСТОЧНИК ЗАПИСИ
Страна российская федерация
Организация Мурманская ГОУНБ
Дата составления 20120403
801 #2 - ИСТОЧНИК ЗАПИСИ
Страна российская федерация
Организация NLR
Дата составления 20120530
Правила каталогизации rcr
942 ## - ДОПОЛНИТЕЛЬНЫЕ ЭЛЕМЕНТЫ ЗАПИСИ (АБИС)
Тип экземпляра АБИС Книга
980 ## - КОЛЛЕКЦИЯ
Название коллекции НБР

Нет доступных экземпляров.